000 00309nam a2200133Ia 4500
005 20251222144859.0
008 251222s9999||||xx |||||||||||||| ||spa||
020 _a84-7888-337-1
082 _a869.261/B74T
100 _aBorges, Jorge Luis
245 0 _aTextos Recobrados:
264 _bEmecé
942 _cLIB
999 _c21895
_d21895